Aplikácia rozšírenej reality vo výrobnej technike

Uložené v:
Podrobná bibliografia
Hlavný autor: Šupík, Richard (Autor)
Ďalší autori: Čačková, Iveta (Vedúci práce)
Médium: Rukopis Kniha
Jazyk:Slovak
Vydavateľské údaje: 2022
Predmet:
On-line prístup:http://is.stuba.sk/zp/portal_zp.pl?podrobnosti=171584
Tagy: Pridať tag
Žiadne tagy, Buďte prvý, kto otaguje tento záznam!

MARC

LEADER 00000ntm a22000003a 4500
001 stuzp90942
003 SK-STU
005 20220611214147.6
007 ta
008 150427s2015----xo-----f-mn---000-0-slo-d
040 |a STU  |b slo 
041 0 |a slo 
100 1 |a Šupík, Richard  |u 020070  |4 aut  |U SjF Strojnícka fakulta  |T SjF Ústav výrobných systémov, enviromentálnej techniky a manažment kvality  |X 104938  |U J0070  |Y 804  |7 104938 
242 0 1 |a Application of augmented reality in production technology  |y eng 
245 1 0 |a Aplikácia rozšírenej reality vo výrobnej technike 
260 |c 2022 
650 4 |a virtuálna realita  |2 slo 
650 4 |a úprava 3D modelov  |2 slo 
650 4 |a Solid Works  |2 slo 
650 4 |a rozšírená realita  |2 slo 
650 4 |a 3D modelovanie  |2 slo 
650 4 |a Blender  |2 slo 
650 4 |a augmented reality  |2 eng 
650 4 |a virtual reality  |2 eng 
650 4 |a modeling  |2 eng 
650 4 |a adjustment 3D model  |2 eng 
650 4 |a Solid Works  |2 eng 
650 4 |a Blender  |2 eng 
700 1 |a Čačková, Iveta  |u 020070  |k Z1  |4 ths  |U SjF Strojnícka fakulta  |T SjF Ústav výrobných systémov, enviromentálnej techniky a manažment kvality  |X 46392  |U J0070  |Y 804  |7 A000046392 
856 4 |u http://is.stuba.sk/zp/portal_zp.pl?podrobnosti=171584 
996 |b 284J046999  |c J* 3499/DBP  |l JJSK  |s A  |a 24  |w stuzp90942_0001